000 00718nam a2200265Ia 4500
003 OSt
005 20220928124336.0
006 a|||||r|||| 00| 0
007 ta
008 220927b |||||||| |||| 00| 0 eng d
020 _c495
024 _a128708
037 _b217, 03/03/2016, N.R.Book Distributors
_cTextual
040 _aSDCL
_cSDCL
_beng
041 _2eng
_aeng
082 _aB280bG, Q5
100 _aRastogi V. B.
_9428594
245 0 _aBiostatistics
250 _a3rd
260 _aNew Delhi
_bMedtec
_c2015
300 _axv;471p
_ccm.
650 _aGenetics
942 _hB280bG, Q5
_cTEXL
_2CC
999 _c777407
_d777407